Tame Impala Lyrics - The Less I Know The Better - Statistics

General Stats
  • This quiz has been taken 222 times
    41 since last reset
  • The average score is 197 of 231
Answer Stats
Lyrics % Correct
can't
100%
I
100%
She
100%
the
100%
The
100%
was
100%
ya
100%
You
100%
you
100%
your
100%
No
97%
see
97%
to
97%
with
97%
be
94%
better
94%
"Better
94%
ever
94%
he
94%
my
94%
Not
94%
not
94%
Oh,
94%
So
94%
So,
94%
Don't
91%
don't
91%
know
91%
less
91%
love,
91%
me
91%
now
91%
out
91%
said
91%
Said,
91%
said,
91%
together
91%
together"
91%
by
89%
change
89%
feeling
89%
hands
89%
holding
89%
never
89%
on
89%
on,
89%
side?
89%
Then
89%
Trevor
89%
doing
86%
face,
86%
get
86%
"It's
86%
mind?
86%
mind
86%
or
86%
yourself
86%
door
83%
forever"
83%
forever
83%
greatest
83%
her
83%
his
83%
late
83%
make
83%
suppose
83%
than
83%
they
83%
'Til
83%
Wait
83%
wait
83%
without
83%
erase
80%
fine
80%
Is
80%
Just
80%
saw
80%
say
80%
Someone
80%
try
80%
all
77%
come
77%
convince
77%
lover
77%
should
77%
who
77%
are?
74%
could
74%
eyes
74%
line
74%
"Pull
74%
ran
74%
stupid
74%
Superman,
74%
this
74%
want?
74%
we'll
74%
what
74%
Heather"
71%
that
71%
you're
71%
left
69%
luck
69%
mine
69%
away
66%
bullshit
66%
from
66%
in
66%
surprise,
66%
years,
66%
every
63%
night
63%
goodbye
60%
ten
60%
slept
57%
turn
57%
Givin'
54%
sweet
54%
like
51%
where
51%
darling,
49%
heard
49%
shoulder
49%
wants
29%
leanin'
6%
No matching quizzes found
Score Distribution
Percent of People with Each Score
Percentile by Number Answered
Your Score History
You have not taken this quiz since the last reset